01092 2200205 4500001002100000005001500021035002000036008004100056245007800097100001100175250000600186260003800192300001200230084001400242082000800256650001000264520058800274990001200862990001200874INLIS00000000000129520240521101537 a0010-0524000530240521 1 ind 1 aTomorrow's Way Of Love ( Diujung Jalanmu Kau Akan Menemukanku ) /cZephyr aZephyr a1 aYogyakarta :bSheila/ Andi,c2015 a282 hlm a813 ZEP t a813 4aFiksi aAishiteru, Risa-chan. Hontou ni aishiteru...Kata-kata terakhir Sousuke Arashi pada Risa Nadeshiko itu terus terngiang hingga dua tahun setelah kematiannya. Sousuke Arashi meninggal akibat melindungi Risa dari kecelakaan kereta di stasiun Shibuya, menimbulkan trauma hebat dalam kehidupan Risa yang selanjutnya. Hingga Risa bertemu dengan Tasuku Ichijou dan Rei Akihito dua pemuda yang mencintainya. Keduanya berusaha menggantikan kenangan buruk di masa lalu Risa dengan kebahagiaan. Apakah ada satu cinta yang berakhir bahagia tanpa mengiris luka. Yuk ikuti kisahnya dalam novel ini. a0741432 a0741433